| 000 | 00850cam a2200217 4500 | ||
|---|---|---|---|
| 001 | WB3711-29 | ||
| 008 | 000000n2001 000 0 eng u | ||
| 035 | _a(Sirsi) u111418 | ||
| 245 | _aSurveyors ahead in earnings game | ||
| 260 | _c2001 | ||
| 490 |
_aRICS Press Release _v(pr038) 13 March 2001, (3) |
||
| 520 | _aThe latest salary survey published by the RICS in conjunction MacDonald & Co reports that average earnings for chartered surveyors rose higher than national earnings during the last 12 months. Copies of the survey are available from the RICS at http://www.ricsonline.org/pdf/survey20001.pdf. | ||
| 590 | _aWB | ||
| 650 | _aSALARY SURVEYS | ||
| 650 | _aEARNINGS | ||
| 650 | _aRICS | ||
| 650 | _aSURVEYORS | ||
| 650 | _aSURVEYING PROFESSION | ||
| 690 | _aMANAGEMENT-BUSINESS MANAGEMENT-PROFESSIONAL PRACTICE | ||
| 942 | _n0 | ||
| 999 |
_c66385 _d66385 |
||